Los reactores de investigación y potencia (Record no. 96745)

MARC details
000 -LEADER
campo de control de longitud fija 00658nam a2200181 i 4500
001 - NÚMERO DE CONTROL
campo de control 96745
003 - IDENTIFICADOR DE NÚMERO DE CONTROL
campo de control ES-MaACL
005 - FECHA Y HORA DE LA ÚLTIMA TRANSACCIÓN
campo de control 20250829063118.0
007 - CAMPO FIJO DE DESCRIPCIÓN FÍSICA--INFORMACIÓN GENERAL
campo de control de longitud fija t|
008 - DATOS DE LONGITUD FIJA--INFORMACIÓN GENERAL
campo de control de longitud fija 050630q1956 zzz ||||1| spa d
100 1# - ENTRADA PRINCIPAL--NOMBRE DE PERSONA
Nombre de persona Manero Amorós, Francisco
9 (RLIN) 75986
245 14 - MENCIÓN DEL TÍTULO
Título Los reactores de investigación y potencia
Resto del título : sus características /
Mención de responsabilidad, etc. conferencia pronunciada por Don Francisco Manero Amorós.
260 ## - PUBLICACIÓN, DISTRIBUCIÓN, ETC.
Lugar de publicación, distribución, etc. [s.l.] :
Nombre del editor, distribuidor, etc. Hidroeléctrica Moncabril,
Fecha de publicación, distribución, etc. [1956?]
300 ## - DESCRIPCIÓN FÍSICA
Extensión 11 h., h. con 2 lám. :
Otras características físicas il. ;
Dimensiones 28 cm.
500 ## - NOTA GENERAL
Nota general Precede al tít.: Seminario de Energía Nuclear.
852 ## - LOCALIZACIÓN
Ubicación ES-MaACL
Número de control de estantería 1976-F-23
Sublocalización o colección R.40571
Holdings
Estatus retirado Estado de pérdida Estado de daño No para préstamo Colección Biblioteca de origen Biblioteca actual Ubicación en estantería Fecha de adquisición Fuente de adquisición Total de préstamos Signatura topográfica completa Código de barras Visto por última vez Precio de reemplazo Tipo de ítem Koha
        Colección de folletos Biblioteca del Ateneo de Madrid Biblioteca del Ateneo de Madrid Depósito folletos 17/01/2008     1976-F-23 1101000 23/02/2023 23/02/2023 Folleto